Teatro della battaglia del Metauro, ricostruito nel luogo col testo di Tito Livio e documentato da iscrizione su carta del ducato di Urbino ...

Saved in:
Bibliographic Details
Main Author: Rossi, Gherado.
Format: eBook
Language:Italian
Published: Fano, Tip. Sonciniana, 1939.
Subjects:
Tags: Add Tag
No Tags, Be the first to tag this record!
LEADER 01420nam a22002771 4500
001 MIU01-000347345
003 MiU
005 19880718000000.0
006 m d |||||
007 cr bn ---auaua
008 880718s1929 it 00000 ita d
035 |a (RLIN)MIUG85-B105829 
035 |a (CaOTULAS)160024070 
035 |a (OCoLC)ocm23486833 
038 |a MiU 
040 |a MiU  |c MiU 
100 1 |a Rossi, Gherado. 
245 0 0 |a Teatro della battaglia del Metauro,  |b ricostruito nel luogo col testo di Tito Livio e documentato da iscrizione su carta del ducato di Urbino ...  |c da molte tombe romane dell' epoca e da carcami di elefanti ritrovati nelle vicinanze del colle indicato come teatro del grande avvenimento. 
260 |a Fano,  |b Tip. Sonciniana,  |c 1939. 
300 |a 23, 3 p. 25 cm. 
500 |a Dated at end: marzo 1940. 
500 |a Photograph of site of battle mounted on p. [17] 
500 |a "Il monte dei Rossi fu teatro della battaglia del Metauro [signed: Prof. Gherardo Rossi]": 3 p. at end. 
538 |a Mode of access: Internet. 
588 |a This bibliographic record is available under the Creative Commons CC0 public domain dedication. The University of Michigan Libraries, as creator of this bibliographic record, has waived all rights to it worldwide under copyright law, including all related and neighboring rights, to the extent allowed by law. 
650 4 |a Metaurus, Battle of the, 207 B.C.